000 00351nam a2200145Ia 4500
008 220204s9999 xx 000 0 und d
082 _a577.15
_bFOS
100 _aFOSTER, R L
245 0 _aNature of Enzymology
260 _aNew York
_bJohn Wiley
_c1980
650 _aCatalysis
650 _aEnzymology
650 _aMedical enzymology
942 _cBK
999 _c36377
_d36377